Fotografía de alta calidad. Los fundamentos de la fotografía. Adobe CC2017.

Uloženo v:
Podrobná bibliografie
Hlavní autor: Mellado, José María (autor)
Médium: Kniha
Vydáno: Madrid, España: Ediciones Anaya Multimedia, 2017.
Edice:PhotoClub.
Témata:
Tagy: Přidat tag
Žádné tagy, Buďte první, kdo vytvoří štítek k tomuto záznamu!

MARC

LEADER 00000nam a22000007a 4500
003 CL-VaPUC
005 20250407202443.0
008 250312t2017 ||||| |||| 00| 0 eng d
999 |c 447255  |d 447253 
020 |a 978-84-415-3870-2 
040 |c Pontificia Universidad Católica de Valparaíso 
082 7 |a 771 MEL 2017  |2 22 
100 |a Mellado, José María  |9 895709  |e autor 
245 |a Fotografía de alta calidad.  |b Los fundamentos de la fotografía. Adobe CC2017. 
260 |a Madrid, España:  |b Ediciones Anaya Multimedia,  |c 2017. 
300 |a 477 páginas :  |b ilustraciones.  
490 |a PhotoClub. 
500 |a c.1.-Instituto Arcos 8-1-2025. 
583 |c 20250312  |k GC 
650 |a Fotografía   |x Técnicas  |v Manuales  |9 896644 
650 |a Fotografía digital  |9 475074 
942 |2 ddc  |c BK  |n 0 
952 |0 0  |1 0  |2 ddc  |4 0  |6 771_000000000000000_MEL_2017  |7 0  |8 A  |9 601009  |a BIBINC  |b BIBINC  |d 2025-03-12  |e Instituto Arcos  |i 5665838  |o 771 MEL 2017  |p 5665838  |r 2025-03-12  |t 1  |w 2025-03-12  |y BK  |k IFP